Najdziwniejsze tłumaczenia filmów - Statystyki

Ogólne statystyki
  • Ten quiz został rozwiązany 10 razy
  • Średni wynik to 2 z 6
Statystyki odpowiedzi
Hint Odpowiedź % Poprawnych
Szklana pułapka Die hard
100%
Plan doskonały Inside man
40%
Śmierć nadejdzie jutro Die another day
30%
Dotyk przeznaczenia The gift
20%
W obliczu śmierci The living daylights
20%
Świat w płomieniach White house down
20%
Nie znaleziono quizów pasujących do podanych kryteriów
Rozkład punktacji
Procent ludzi z każdym wynikiem
Percentyl według liczby udzielonych odpowiedzi
Twoja historia wyników
Nie rozwiązałeś tego quizu